Представление документа в формате RUSMARC

ПолеНазваниеЗначение
  Тип записи a
  Библиографический уровень m
001 Контрольный номер fffbdc09eb6243e6bb669f5a67946a89
005 Дата корректировки 20140707140050.5
010 Индекс ISBN __
a ISBN 978-5-905787-06-5
101 Язык документа 0_
a Язык текста rus
102 Страна публикации __
a Страна публикации RU
200 Заглавие и сведения об ответственности 1_
a Заглавие Организация и методика аудита
b Общее обозначение материала Текст
210 Выходные данные 1_
a Место издания Казань
c Издательство Казан. гос. ун-т
d Дата издания 2011
215 Физическое описание __
a Объем 92 с.
610 Ключевые слова 0_
a Ключевые слова методика
686 Индексы других классификаций __
a Классификационный индекс 65.052.8
700 Автор _1
a Фамилия Яхина
b Имя Л.Т.
801 Источник записи _0
a Страна RU
b Организация РУК
g Правила каталогизации PSBO
801 Источник записи _1
a Страна RU
b Организация РУК
g Правила каталогизации PSBO
852 Данные о местонахождении __
i Авторский знак Я 90
j Шифр хранения ББК 65.052.8
901 Тип документа __
t Тип документа m
937 Технологическая информация __
a Создатель записи (имя) Ткачёв
938 Служебная информация __
a Название организации Казанский филиал
952 Тип литературы __
c Вид литературы монография